Geographically based hydrogen consumer demand and infrastructure analysis : final report /

Bibliographic Details
Main Author: Melendez, Margo
Corporate Author: National Renewable Energy Laboratory (U.S.)
Other Authors: Milbrandt, Anelia
Format: Government Document eBook
Language:English
Published: Golden, Colo. : National Renewable Energy Laboratory, [2006]
Series:NREL/TP ; 540-40373.
Subjects:
Online Access:https://purl.fdlp.gov/GPO/LPS89780

MARC

Tag First Indicator Second Indicator Subfields
LEADER 00000cam a2200000Ka 4500
001 in00002384591
005 20211129155414.0
006 m d f
007 cr mn|||||||||
008 070725s2006 coua st f000 0 eng d
035 |a (OCoLC)ocn156980485 
040 |a SOE  |c SOE  |d SOE  |d GPO  |d MvI  |d UtOrBLW 
049 |a WWW 
074 |a 0430-P-03 (online) 
086 0 |a E 9.16:NREL/TP-540-40373 
088 |a NREL/TP-540-40373 
100 1 |a Melendez, Margo. 
245 1 0 |a Geographically based hydrogen consumer demand and infrastructure analysis :  |b final report /  |c M. Melendez and A. Milbrandt. 
264 1 |a Golden, Colo. :  |b National Renewable Energy Laboratory,  |c [2006] 
300 |a iii, 30 pages :  |b digital, PDF file. 
336 |a text  |b txt  |2 rdacontent 
337 |a computer  |b c  |2 rdamedia 
338 |a online resource  |b cr  |2 rdacarrier 
490 1 |a NREL/TP ;  |v 540-40373 
538 |a Mode of access: Internet from the NREL website. Address as of 1/18/08: http://www.nrel.gov/docs/fy07osti/40373.pdf ; current access is available via PURL. 
500 |a Title from title screen (viewed Jan. 18, 2008). 
500 |a "October 2006." 
500 |a Electronic resource. 
650 0 |a Hydrogen as fuel  |x Research  |z United States. 
650 0 |a Hydrogen cars  |z United States. 
700 1 |a Milbrandt, Anelia. 
710 2 |a National Renewable Energy Laboratory (U.S.) 
830 0 |a NREL/TP ;  |v 540-40373. 
856 4 0 |u https://purl.fdlp.gov/GPO/LPS89780  |t 0 
999 |a MARS 
999 f f |s 8faf6c3d-9a3b-3c4a-92e5-cb23ba689f5e  |i b20b4762-d376-3934-91d0-4aac5f31d98d  |t 0 
952 f f |a Texas A&M University  |b College Station  |c Electronic Resources  |d Available Online  |t 0  |e E 9.16:NREL/TP-540-40373  |h Superintendent of Documents classification 
998 f f |a E 9.16:NREL/TP-540-40373  |t 0  |l Available Online